000 00814nam a2200229Ii 4500
003 JO-AjNU
008 230605s9999||||xx |||||||||||||| ||und||
017 _a17151
020 _a978-977-6253-72-1
040 _aJO-AjNU
_bara
_erda
_cJO-AjNU
041 _aara
050 1 4 _aKRM1365.W34.2010
100 3 _a الوكيل، محمد إبراهيم خيري,
_eauthor
_943937
245 0 0 _aالتظلم الإداري
250 _aط1
264 3 1 _aالاسكندرية :دار الفكرالجامعى،2011
300 _a270ص
_bيشتمل على مراجع ببلوغرافية ص ( 263-266 )
336 _atext
_btxt
_2rdacontent
337 _aunmediated
_bn
_2rdamedia
338 _avolume
_bnc
_2rdacarrier
650 4 _aالموظفون -- تأديب -- قوانين و تشريعات -- مصر
_943938
999 _aA18929
_c22497
_d22497